AN INVESTIGATION INTO SYNTACTIC, SEMANTIC AND PRAGMATIC FEATURES OF WISHES IN ENGLISH AND VIETNAMESE

שמור ב:
מידע ביבליוגרפי
פורמט: לא ידוע
שפה:English
יצא לאור: 2013
תגים: הוספת תג
אין תגיות, היה/י הראשונ/ה לתייג את הרשומה!
Thư viện lưu trữ: Mạng thư viện Đại học Đà Nẵng
LEADER 00741na a2200253 4500
001 000032174
003 8249
005 20151007000000.0
008 151002s2013 000 eng
082 |a 420.4  |b NG-V 
245 |a AN INVESTIGATION INTO SYNTACTIC, SEMANTIC AND PRAGMATIC FEATURES OF WISHES IN ENGLISH AND VIETNAMESE  |c Nguyễn Thị Cẩm Vân 
260 |c 2013 
300 |a 104tr.;mh;30cm 
852 |b Chuyên đề  |c Luận văn Thạc sĩ 1 
OWN |a LNN 
999 |a From the UDN01 
TYP |a Printed language 
980 |a Mạng thư viện Đại học Đà Nẵng